000 00470nam a2200181Ia 4500
005 20250603145203.0
008 250603s9999 xx 000 0 und d
020 _a9789780885083
050 _aKP 61 .D3/
100 _aKabir, mohammed danladi, LL.B, LL.M., BL.
245 0 _aIntroduction to modern Nigerian legal method
260 _aWarri Nigeria
260 _bEnifab Print Media
260 _c2010
300 _a420 p
650 _aWarri Nigeria
942 _cBK
999 _c41131
_d41131